000 00297nam a22001337a 4500
008 170731b xxu||||| |||| 00| 0 eng d
020 _a3528054328
041 _ager
080 _a004
100 _a32
101 _aSHK
245 _aECHTZEITSYSTEME UN FUZZY CONTROL
_cRZEHAK,H
942 _2udc
_cBK
999 _c22230
_d22230